000 00365nam a2200145Ia 4500
008 221030s9999 xx 000 0 und d
020 _a0070486379
082 _a105.23
_bJam
100 _aJ. A. O`Brien
245 0 _aManagement Information Systems
_cby J. A. O`Brain
260 _bTMH
_aNew Delhi
_c2002
300 _a620
650 _aBE Computer
942 _cBK
_2ddc
999 _c8177
_d8177